书目信息 |
| 题名: |
抗日战争中的西北国际大通道
|
|
| 作者: | 刘志兵 , 邵志勇 著 | |
| 分册: | ||
| 出版信息: | 西安 未来出版社 2015 |
|
| 页数: | 10,390页 | |
| 开本: | 21cm | |
| 丛书名: | ||
| 单 册: | ||
| 中图分类: | I253.2 , K265.06 | |
| 科图分类: | ||
| 主题词: | 纪实文学--ji shi wen xue--中国--当代 , 抗日战争--kang ri zhan zheng--中国--史料 | |
| 电子资源: | ||
| ISBN: | 978-7-5417-5795-2 | |
| 000 | 01061nam0 22002771 450 | |
| 001 | 0122100758 | |
| 005 | 20170322100758.0 | |
| 010 | @a978-7-5417-5795-2@dCNY38.00 | |
| 100 | @a20160506d2015 em y0chiy50 ea | |
| 101 | 0 | @achi |
| 102 | @aCN@b610000 | |
| 105 | @aa z 000zy | |
| 106 | @ar | |
| 200 | 1 | @a抗日战争中的西北国际大通道@9kang ri zhan zheng zhong de xi bei guo ji da tong dao@f刘志兵,邵志勇著 |
| 210 | @a西安@c未来出版社@d2015 | |
| 215 | @a10,390页@c图,照片@d21cm | |
| 300 | @a抗战之国家记忆 纪念中国人民抗日战争暨世界反法西斯战争胜利70周年重点出版物 | |
| 330 | @a本书依据大量原始资料,揭示了一段被尘封的抗战秘辛,再现了当时中国国共两党、苏联,以及西北各族人民,为开通和保护连接中苏的“西北国际大通道”奋斗牺牲的宏大历史场面。 | |
| 606 | 0 | @a纪实文学@9ji shi wen xue@y中国@z当代 |
| 606 | 0 | @a抗日战争@9kang ri zhan zheng@y中国@j史料 |
| 690 | @aI253.2@v5 | |
| 690 | @aK265.06@v5 | |
| 701 | 0 | @a刘志兵@9liu zhi bing@4著 |
| 701 | 0 | @a邵志勇@9shao zhi yong@4著 |
| 801 | 0 | @aCN@bTANGWEI@c20170308 |
| 905 | @b0959626-9@dI253.2@e942@f4 | |
| 抗日战争中的西北国际大通道/刘志兵,邵志勇著.-西安:未来出版社,2015 |
| 10,390页:图,照片;21cm |
| 抗战之国家记忆 纪念中国人民抗日战争暨世界反法西斯战争胜利70周年重点出版物 |
| ISBN 978-7-5417-5795-2:CNY38.00 |
| 本书依据大量原始资料,揭示了一段被尘封的抗战秘辛,再现了当时中国国共两党、苏联,以及西北各族人民,为开通和保护连接中苏的“西北国际大通道”奋斗牺牲的宏大历史场面。 |
| ● |
| 相关链接 |
|
|
|
|
正题名:抗日战争中的西北国际大通道
索取号:I253.2/942
 
预约/预借
| 序号 | 登录号 | 条形码 | 馆藏地/架位号 | 状态 | 备注 |
| 1 | 0959626 | 209596267 | 第一样本阅览室/ [索取号:I253.2/942] | 在馆 | |
| 2 | 0959627 | 209596276 | 第二借阅区/ [索取号:I253.2/942] | 在馆 | |
| 3 | 0959628 | 209596285 | 第二借阅区/ [索取号:I253.2/942] | 在馆 | |
| 4 | 0959629 | 209596294 | 第二借阅区/ [索取号:I253.2/942] | 在馆 |